The handbook of international financial terms

Bibliographic Details
Main Authors: Moles, Peter (Author), Terry, Nicholas (Author)
Format: Book
Language:English
Published: New York : Oxford 1997
Subjects:

MARC

LEADER 00000cam a2200000 7i4500
001 0000002079
005 20240925.0
008 240820 nyu a eng
020 |a 0198288859 (hbk) 
040 |a INS   |b eng   |e rda 
090 0 0 |a RHG3881   |b .M578 1997 
100 1 |a Moles, Peter ,   |e author 
245 1 4 |a The handbook of international financial terms   |c Peter Moles and Nicholas Terry 
264 1 |a New York :   |b Oxford   |c 1997 
300 |a Ixxix, 605 pages :   |b illustrations ;   |c 24 cm. 
336 |a text  |2 rdacontent 
337 |a unmediated  |2 rdamedia 
338 |a volume  |2 rdacarrier 
650 0 |a Finance   |x Terminology   |x Handbooks, manuals, etc. 
650 0 |a International finance   |x Terminology   |x Handbooks, manuals, etc. 
700 1 |a Terry, Nicholas ,   |e author 
999 |a 0000007173   |b BOOK   |c Reference   |e Default branch